000 00706cam a2200265 4500500
005 20260329004537.0
041 _afre
042 _adc
100 1 0 _aNicolas, Ariane
_eauthor
245 0 0 _aASMR. Ouïr sans entraves
260 _c2020.
500 _a15
690 _aAriane Nicolas
690 _aASMR
690 _aAudition
690 _aBruit
690 _aFrançois Noudelmann
690 _aMurmure
690 _aOreille
690 _aOuïe
690 _aPolitique
690 _aSon
786 0 _nPhilosophie magazine | 139 | 6 | 2020-06-01 | p. 11-12 | 1951-1787
856 4 1 _uhttps://shs.cairn.info/magazine-philosophie-magazine-2020-6-page-11?lang=fr&redirect-ssocas=7080
999 _c1834961
_d1834961